MDQL
is popping MORE tags! Check the
thread
!
Quizzes
Events
Quiz Creation
Community
Videos
Private Events
Remove Ads
Sign In
Join for FREE
Feedback
Dark Mode
Quiz Categories
Sports
Geography
Music
Movies
Television
Just For Fun
Miscellaneous
History
Literature
Language
Science
Gaming
Entertainment
Religion
Holiday
For Kids
Quiz Lab
Recent
Popular Today
Quiz Kudos Today
Editor Picks
Curator Picks
Quizzes by...
Day
Popularity
Type
Ratings
Length
Year
Community
Subscriptions
Recent Discussions
Orange Saloon
Badges
Playlists
Quests
Create
Leaderboards
Showdown
Live 5
Trivia Bingo
Activity
Puzzle Library
Sporcle Events
Private Events
Virtual Trivia
Globe League
Become a Host
Pub Owners
SporcleCon
Opinionation
Our Games
Videos
Blog
Mobile Apps
Partnerships
Remove Ads and Go Orange
Feedback
Television
TV Characters
TV Show
Sitcom
Network
Friends
Reality Shows
Cast
South Park
Star Trek
The Simpsons
Doctor Who
Television
TV Characters
TV Show
Sitcom
Network
Friends
Reality Shows
Cast
South Park
Star Trek
The Simpsons
Doctor Who
Random Quiz
Search Sporcle
×
Quiz Lab
Quiz Lab
Television
World
Type in answers that appear in a list
Type in answers that appear in a list
Classic
Best Score? Go Orange.
Amazing World of Gumball Characters Stats
Can you name the Amazing World of Gumball Characters?
By
Squidward
8m
37 Questions
4,262 Plays
4,262 Plays
4,262 Plays
Comments
Comments
Give Quiz Kudos
Give Quiz Kudos
-
- Ratings
hide this ad
Replay
Link that replays current quiz
Next Quiz
Link to next quiz in quiz playlist
You Got
0%
They Got
Avg Score
58%
Avg Friend Score
Upgrade to see
Score Distribution
Jump to the score distribution portion of the page
Score
0/37
Timer
08:00
0
Plays Today
% Correct
Optional. These characters are going to be harder to guess. Some of their names haven't even aired on the show! The drawers just gave them reference names.
97.2%
Right now, there are only 26 of them. Lemme know if you think of anyone else I should add!
97.2%
There are also four of the characters scrapped during production, the girlfriend of one of the more major characters, and one of the old guys, among others.
97.1%
Gumball Watterson
97%
Darwin Watterson
94.8%
Richard Watterson
91.5%
Nicole Watterson
89.9%
Anais Watterson
84.5%
Penny Fitzgerald
79.9%
Principal Brown
72.4%
Tina Rex
68.5%
Tobias Wilson
64.7%
Banana Joe
64.5%
Steve Small
61.8%
Carrie
60.5%
Miss Simian
59.6%
Alan
57.5%
Bobert
57.3%
Rocky Robinson
56.8%
% Correct
Gaylord Robinson
51.6%
Carmen
49.5%
Laurence Needlemeyer
47%
Leslie
45.2%
Masami
44.5%
Margaret Robinson
44.5%
Idaho
41%
Clayton
39.9%
Granny Jojo
39%
Molly
38.7%
William
38.3%
Ocho
38.2%
Hector Jotunheim
37.4%
Teri
37.2%
Jamie
36.1%
Anton
35.8%
Sussy
34.3%
Juke
26.5%
Quiz Playlist
Details
Report
Send in Message
Add To Playlist
Classic:
Type in answers that appear in a list
Quiz Source
Last Updated: Jul 18, 2017
Quiz Scoreboard
CHALLENGE
Sign Up to Join the Scoreboard
Show All
Scores
Hide
Comments
May contain spoilers
Recently Published
Colored Red Africa Blitz
by spor1
Geography
30s
Find the 'City' Movie
by crazypaving
Movies
60s
5x2 Blitz: Bands
by SL_Kpop136
Music
30s
More to Explore
Quiz From the Vault
Featured Blog Post
14 Easter Pick-up Lines to Find Eggs With
hide this ad
You Might Also Like...
Tags
World Quiz
Amazing
Character
Today's Top Quizzes in Television
Browse Television
hide this ad
Today's Top Quizzes in World
Browse World
Top Contributed Quizzes in Television
1
Survivor Journey Challenge
2
Brooklyn Nine Nine Logic Puzzle (How-To-Play)
3
Phoebe Buffay Quotes
4
Survivor Trivia
5
Survivor Logic Puzzle: Heroes vs. Villains
6
One Tree Hill Logic Puzzle
7
Survivor Heroes vs. Villains Logic Puzzle
8
All US Survivor Seasons in Order
9
Game of Thrones: Tywin Lannister Start to Finish
10
Emmerdale Characters (from August 2012)
Explore More
Trending Topics
Anime
Marvel
Kpop
Disney
Crossword
NBA
Harry Potter
Country
WWE
Soccer
Pokémon
Puzzle
The Office
Song
NFL
hide this ad
More By:
Squidward
Quiz
Plays
Rating
Category
Featured
Created
Phineas and Ferb Characters
5,438
3.92
Television
Nov 15, 2009
Amazing World of Gumball Characters
4,262
3.50
Television
Aug 6, 2011
How fast can you type?
848
3.11
Just For Fun
Nov 18, 2009
Invader ZIM characters
516
3.83
Television
Jul 16, 2010
Go to Creator's Profile
Score Distribution
Quiz Creator Spotlight
Squidward
Follow
Send a Message
Quizzes Created
-
Created Quiz Play Count
-
More By This Creator
Popular Quizzes Today
1
Colored Red Africa Blitz
2
Find the 'City' Movie
3
Find the US States - No Outlines Minefield
4
5x2 Blitz: Bands
5
The Countries of the World
6
Find the US States
7
US States
8
9x9 Crossword: Cartoon Network
More Television Quizzes
Name That Game Show II
Published
Trending Quizzes
Colored Red Europe Blitz I
Colored Red Europe Blitz II
Colored Red Africa Blitz II
Colored Red Africa Blitz III
Colored Red Europe Blitz III
Recently Updated
Grab Bag: 4-10 Letters
pecheneg
2024 March Madness Bracket
pecheneg
Famous TV Couples
Peacemaker
Champions League XIs: Real Madrid
pecheneg
Largest US Cities 1790-2010
pecheneg
Rides in Walt Disney World
pecheneg
Most Oscar Losses (Acting)
pecheneg
Beyoncé Albums
pecheneg
Leaping Animals
pecheneg
Reality TV Shows (A-Z)
bhenderson79
Trending Topics
Anime
Marvel
NBA
Crossword
Disney
Harry Potter
Kpop
NFL
Soccer
Song
WWE
The Office
Country
Puzzle
Pokémon
Your Account Isn't Verified!
In order to create a playlist on Sporcle, you need to verify the email address you used during registration. Go to your
Sporcle Settings
to finish the process.
Report this User
Report this user for behavior that violates our
Community Guidelines
.
Details:
Send Report
Go to the Sporcle.com Mobile Site →
Comments